000 00986nam a22003257a 4500
001 BR7804518
003 BR-BrBNA
005 20230928085650.0
007 ta
008 230509b bl.||||| |||| 00| 0 por d
040 _aBR-BrBNA
_bpor
_cBiblioteca Nacional de Agricultura
041 _a(Por)
072 _aF00; E15
_b1410
_b/G514
090 _ 1410 BR7804518
100 1 _aBarreto, P.D.
110 1 _aUnidade de Execucao de Pesquisa de Ambito Estadual de Lagoa Seca, PB (Brasil)
_910367
245 1 _aPerspectivas para a cultura do feijoeiro no estado da Paraiba [Phaseolus vulgaris; Estatistica de producao; Brasil]
260 3 _aLagoa Seca, PB (Brasil):
_c1978.
300 _a9 p.
650 _aProducao vegetal
650 _aMicroeconomia
650 _aFeijao
650 _aPratica cultural
650 _aRendimento
650 _aEstatistica de producao
650 _aProdutividade
650 _aParaiba
909 _a202309
_bLucia
_c55
_dLucia Elande
942 _cBK
999 _c25669
_d25669